A declaration of the Arch-Bishop of Canterbury, and the bishops in and near London, testifying their abhorrence of the present rebellion; with an exhortation to the clergy and people.

Bibliographic Details
Main Author: Tenison, Thomas, 1636-1715
Format: eBook
Language:English
Series:Eighteenth century collections online.
Online Access:Full text online

MARC

Tag First Indicator Second Indicator Subfields
LEADER 00000cam a2200000 4500
001 in00001894591
006 m | d |
007 cr |n||||||||n
008 850522s1715 ie |||| s 00||||eng d
005 20260413212410.8
035 |a (CStRLIN)ESTCN17812 
040 |a Cu-RivES  |c Cu-RivES  |d CStRLIN  |d Thomson Gale  |d UtOrBLW 
100 1 |a Tenison, Thomas,  |d 1636-1715. 
245 1 2 |a A declaration of the Arch-Bishop of Canterbury, and the bishops in and near London, testifying their abhorrence of the present rebellion; with an exhortation to the clergy and people. 
264 3 |a Dublin :  |b printed by A. Rhames, for E. Dobson,  |c 1715. 
300 |a 8p. ;  |c 4⁰. 
336 |a text  |b txt  |2 rdacontent 
337 |a computer  |b c  |2 rdamedia 
338 |a online resource  |b cr  |2 rdacarrier 
500 |a Signed by Thomas Tenison and thirteen bishops. 
500 |a Reproduction of original from the John Rylands University Library of Manchester. 
510 4 |a English Short Title Catalog,  |c ESTCN17812. 
533 |a Electronic reproduction.  |b Farmington Hills, Mich. :  |c Thomson Gale,  |d 2003.  |n Available via the World Wide Web.  |n Access limited by licensing agreements  |7 s2003 miunns 
500 |a Electronic resource. 
830 0 |a Eighteenth century collections online. 
856 4 0 |u http://proxy.library.tamu.edu/login?url=https://galenet.galegroup.com/servlet/ECCO?c=1&stp=Author&ste=11&af=BN&ae=N017812&tiPG=1&dd=0&dc=flc&docNum=CW106865558&vrsn=1.0&srchtp=a&d4=0.33&n=10&SU=0LRL+OR+0LRI&locID=txshracd2898  |z Full text online  |t 0 
999 |a MARS 
999 f f |s 5c534440-bf15-3969-8f44-0cc81a2ac0d9  |i 81dda5c4-e0f9-3b02-b020-e60e8715d34f  |t 0 
952 f f |a Texas A&M University  |b College Station  |c Electronic Resources  |s www_evans  |d Available Online  |t 0  |h No information provided 
998 f f |t 0  |l Available Online